|
|
|
|
| LEADER |
03430nam a22004097a 4500 |
| 005 |
20151215130511.0 |
| 008 |
141219t xxu||||| |||| 00| 0 eng d |
| 020 |
|
|
|a 9789332516014
|
| 082 |
|
|
|a 651.7
|b TAY'2013'
|
| 100 |
|
|
|a Taylor, Shirley
|9 24518
|
| 245 |
|
|
|a Model business letters, emails
|b and other business documents
|
| 250 |
|
|
|a 7th ed.
|
| 260 |
|
|
|a Noida
|b Pearson Education
|c 2013
|
| 300 |
|
|
|a 498p.
|
| 653 |
|
|
|a letter writing --model
|a business--letter writing
|a letter writing--business
|
| 942 |
|
|
|c BK
|6 _
|
| 999 |
|
|
|c 117330
|d 117330
|
| 952 |
|
|
|0 0
|1 0
|2 ddc
|4 0
|6 6517_TAY2013
|7 0
|9 152463
|a SMS
|b SMS
|c GEN
|d 2014-12-19
|o 651.7 TAY'2013'
|p SMS025916
|r 2014-12-19
|w 2014-12-19
|y BK
|
| 952 |
|
|
|0 0
|1 0
|2 ddc
|4 0
|6 6517_TAY20131
|7 0
|9 152464
|a SMS
|b SMS
|c GEN
|d 2014-12-19
|o 651.7 TAY'2013';1
|p SMS025917
|r 2014-12-19
|t 1
|w 2014-12-19
|y BK
|
| 952 |
|
|
|0 0
|1 0
|2 ddc
|4 0
|6 6517_TAY20132
|7 0
|9 152465
|a SMS
|b SMS
|c GEN
|d 2014-12-19
|o 651.7 TAY'2013';2
|p SMS025918
|r 2014-12-19
|t 2
|w 2014-12-19
|y BK
|
| 952 |
|
|
|0 0
|1 0
|2 ddc
|4 0
|6 6517_TAY20133
|7 0
|9 152466
|a SMS
|b SMS
|c GEN
|d 2014-12-19
|o 651.7 TAY'2013';3
|p SMS025919
|r 2014-12-19
|t 3
|w 2014-12-19
|y BK
|
| 952 |
|
|
|0 0
|1 0
|2 ddc
|4 0
|6 6517_TAY20134
|7 0
|9 152467
|a SMS
|b SMS
|c GEN
|d 2014-12-19
|o 651.7 TAY'2013';4
|p SMS025920
|r 2014-12-19
|t 4
|w 2014-12-19
|y BK
|
| 952 |
|
|
|0 0
|1 0
|2 ddc
|4 0
|6 6517_TAY20135
|7 0
|9 152468
|a SMS
|b SMS
|c GEN
|d 2014-12-19
|o 651.7 TAY'2013';5
|p SMS025921
|r 2014-12-19
|t 5
|w 2014-12-19
|y BK
|
| 952 |
|
|
|0 0
|1 0
|2 ddc
|4 0
|6 6517_TAY20136
|7 0
|9 152469
|a SMS
|b SMS
|c GEN
|d 2014-12-19
|o 651.7 TAY'2013';6
|p SMS025922
|r 2014-12-19
|t 6
|w 2014-12-19
|y BK
|
| 952 |
|
|
|0 0
|1 0
|2 ddc
|4 0
|6 6517_TAY20137
|7 0
|9 152470
|a SMS
|b SMS
|c GEN
|d 2014-12-19
|o 651.7 TAY'2013';7
|p SMS025923
|r 2014-12-19
|t 7
|w 2014-12-19
|y BK
|
| 952 |
|
|
|0 0
|1 0
|2 ddc
|4 0
|6 6517_TAY20138
|7 0
|9 152471
|a SMS
|b SMS
|c GEN
|d 2014-12-19
|o 651.7 TAY'2013';8
|p SMS025924
|r 2014-12-19
|t 8
|w 2014-12-19
|y BK
|
| 952 |
|
|
|0 0
|1 0
|2 ddc
|4 0
|6 6517_TAY20139
|7 0
|9 152472
|a SMS
|b SMS
|c GEN
|d 2014-12-19
|o 651.7 TAY'2013';9
|p SMS025925
|r 2014-12-19
|t 9
|w 2014-12-19
|y BK
|
| 952 |
|
|
|0 0
|1 0
|2 ddc
|4 0
|6 6517_TAY201310
|7 0
|9 152473
|a SMS
|b SMS
|c GEN
|d 2014-12-19
|o 651.7 TAY'2013';10
|p SMS025926
|r 2014-12-19
|t 10
|w 2014-12-19
|y BK
|
| 952 |
|
|
|0 0
|1 0
|2 ddc
|4 0
|6 6517_TAY201311
|7 0
|9 152474
|a SMS
|b SMS
|c GEN
|d 2014-12-19
|o 651.7 TAY'2013';11
|p SMS025927
|r 2014-12-19
|t 11
|w 2014-12-19
|y BK
|
| 952 |
|
|
|0 0
|1 0
|2 ddc
|4 0
|6 6517_TAY201312
|7 0
|9 152475
|a SMS
|b SMS
|c GEN
|d 2014-12-19
|o 651.7 TAY'2013';12
|p SMS025928
|r 2014-12-19
|t 12
|w 2014-12-19
|y BK
|
| 952 |
|
|
|0 0
|1 0
|2 ddc
|4 0
|6 6517_TAY201313
|7 0
|9 152476
|a SMS
|b SMS
|c GEN
|d 2014-12-19
|o 651.7 TAY'2013';13
|p SMS025929
|r 2014-12-19
|t 13
|w 2014-12-19
|y BK
|
| 952 |
|
|
|0 0
|1 0
|2 ddc
|4 0
|6 6517_TAY201314
|7 0
|9 152477
|a SMS
|b SMS
|c GEN
|d 2014-12-19
|o 651.7 TAY'2013';14
|p SMS025930
|r 2014-12-19
|t 14
|w 2014-12-19
|y BK
|
| 952 |
|
|
|0 0
|1 0
|2 ddc
|4 0
|6 6517_TAY201315
|7 0
|9 152478
|a SMS
|b SMS
|c GEN
|d 2014-12-19
|o 651.7 TAY'2013';15
|p SMS025931
|r 2014-12-19
|t 15
|w 2014-12-19
|y BK
|
| 952 |
|
|
|0 0
|1 0
|2 ddc
|4 0
|6 6517_TAY201316
|7 0
|9 152479
|a SMS
|b SMS
|c GEN
|d 2014-12-19
|o 651.7 TAY'2013';16
|p SMS025932
|r 2014-12-19
|t 16
|w 2014-12-19
|y BK
|
| 952 |
|
|
|0 0
|1 0
|2 ddc
|4 0
|6 6517_TAY201317
|7 0
|9 152480
|a SMS
|b SMS
|c GEN
|d 2014-12-19
|o 651.7 TAY'2013';17
|p SMS025933
|r 2014-12-19
|t 17
|w 2014-12-19
|y BK
|
| 952 |
|
|
|0 0
|1 0
|2 ddc
|4 0
|6 6517_TAY201318
|7 0
|9 152481
|a SMS
|b SMS
|c GEN
|d 2014-12-19
|o 651.7 TAY'2013';18
|p SMS025934
|r 2014-12-19
|t 18
|w 2014-12-19
|y BK
|
| 952 |
|
|
|0 0
|1 0
|2 ddc
|4 0
|6 6517_TAY201319
|7 0
|9 152482
|a SMS
|b SMS
|c REF
|d 2014-12-19
|o 651.7 TAY'2013';19
|p SMS025935
|r 2014-12-19
|t 19
|w 2014-12-19
|y REF
|